00947 2200241 4500001002100000005001500021008004100036020001500077035002000092082001300112084002000125100002300145245003900168250001400207260003700221300003700258520033900295650002700634990001100661990001100672990001100683990001100694INLIS00000000000170220260424110002260424 b 0 ind  a9799482402 a0010-0621001302 aA.297.77 aA.297.77 ASE m0 aAsep Tutuy Turyana1 aMateri Hafalan TK dan TP Al-Qur`an aCetakan 2 aBandung :bPenerbit Marja,c2005 a92 halaman :bIlustrasi ;c21 cm aBuku ini disusun berdasarkan kurikulum yang dikeluarkan oleh LPPTK-BKPRMI tahun 1997 untuk memudahkan santri TKA/TPA Menguasai materi hafalan yang meliputi: hafalan doa dan adab sehari-hari, hafalan surat -surat pendek dan ayat pilihan. semoga karya kecil ini dapat dijadikan acuan, khusus nya bagi unit-unit TKA/TPA di manapun berada 4aPendidikan Agama Islam a032421 a032422 a032423 a032424